000 00771nam a2200289Ia 4500
003 OSt
005 20221006144358.0
006 a|||||r|||| 00| 0
007 ta
008 221006b |||||||| |||| 00| 0 eng d
020 _aB00KCDT36C
_c30.00
024 _a11,544
037 _cTextual
040 _aEASL
_cEASL
_beng
041 _2eng
_aeng
082 _aU8.445.A, J0
100 _aPETECH L.
245 0 _aNorthern India according to the shui-ching-chu
260 _aRoma
_bIs. M.E.O
_c1950
300 _a90p.
_ccm.
490 _v Gen
_aSerie Orientale Roma, II
650 _a Gen
650 _a India - Travel
_9651847
650 _aShui-Ching-Chu
_9651848
942 _hU8.445.A, J0
_cTEXL
_2CC
999 _c1079630
_d1079630